000 00456nam a2200181 a 4500
001 14738
003 CO-ViMGA
008 141112s2004 ck r 000 u spa d
020 _a9682202108
040 _aCO-ViMGA
_bspa
_cCO-ViMGA
082 0 4 _a813 M455
100 1 _aMiller, Henry
_921436
245 1 0 _aTropico de Capricornio
260 _aMexico.Planeta1986.
300 _a344.p.Best seller, 97
650 1 4 _aNOVELA ESTADOUNIDENSE
_9761
942 _2ddc
_cBK
999 _c25245
_d25245